Η εμπορική επιχείρησις και η προστασία αυτής : βιομηχανική ιδιοκτησία
Αποθηκεύτηκε σε:
| Κύριος συγγραφέας: | |
|---|---|
| Μορφή: | Βιβλίο |
| Γλώσσα: | Greek |
| Δημοσίευση: |
Θεσσαλονίκη :
Σάκκουλα,
1977,1980
|
| Έκδοση: | 2η έκδ. |
| Θέματα: | |
| Ετικέτες: |
Προσθήκη ετικέτας
Δεν υπάρχουν, Καταχωρήστε ετικέτα πρώτοι!
|
MARC
| LEADER | 00000nam a2200000 i 4500 | ||
|---|---|---|---|
| 001 | 1/43369 | ||
| 008 | 960219s1977 gre d | ||
| 035 | |l 10025766 | ||
| 040 | |a GR-MY-UA |b gre |e aacr | ||
| 041 | 0 | |a gre | |
| 082 | 0 | |a 346.065 | |
| 100 | 1 | |a Δελούκας, Νικόλαος Α. | |
| 245 | 1 | 2 | |a Η εμπορική επιχείρησις και η προστασία αυτής : |b βιομηχανική ιδιοκτησία / |c Νικόλαος Α. Δελούκας |
| 250 | |a 2η έκδ. | ||
| 260 | |a Θεσσαλονίκη : |b Σάκκουλα, |c 1977,1980 | ||
| 300 | |a 144 σ. | ||
| 500 | |a Τεύχος 1ον Η εμπορική η βιομηχανική επιχείρησις - γενικά περί βιομηχανικής ιδιοκτησίας-επωνυμία | ||
| 650 | 0 | 0 | |a Business enterprises |z Greece. |
| 852 | |a INST |b CHIOS |e 19960219 |h 346.065 ΔΕΛ |p 005200000958 |q 005200000958 |t BK |y 0 |z τχ.1 | ||
| 852 | |a INST |b CHIOS |e 19960308 |h 346.065 ΔΕΛ |p 005200002773 |q 005200002773 |t BK |y 0 |z τχ.1 | ||
| 852 | |a INST |b CHIOS |e 19960219 |h 346.065 ΔΕΛ |p 005200000958 |q 005200000958 |t BK |v τχ.1: |y 0 |z τχ.1 | ||
| 852 | |a INST |b CHIOS |e 19960308 |h 346.065 ΔΕΛ |p 005200002773 |q 005200002773 |t BK |v τχ.1: |y 0 |z τχ.1 | ||
| 853 | |a INST |b CHIOS |h 346.065 ΔΕΛ | ||
| 909 | |a Χ |b 016389 | ||
| 909 | |a Χ |b 018144 | ||